Εγχειρίδιο ακουστικής

Αποθηκεύτηκε σε:
Λεπτομέρειες βιβλιογραφικής εγγραφής
Κύριος συγγραφέας: Everest, F. Alton (Frederick Alton), 1909-2005
Μορφή: Βιβλίο
Γλώσσα:Greek
English
Δημοσίευση: Θεσσαλονίκη : Τζιόλα, c2003.
Θέματα:
Ετικέτες: Προσθήκη ετικέτας
Δεν υπάρχουν, Καταχωρήστε ετικέτα πρώτοι!

MARC

LEADER 00000cam a2200000 i 4500
001 1/14651
008 110822s2003 gr | ||| |||| ||gre||
020 |a 9607219678 
035 |l 10110662 
040 |a GR-MyUa  |b gre  |e AACR2 
041 1 |a gre  |h eng 
082 7 |a 620.2   |2 (22) 
100 1 |a Everest, F. Alton   |q (Frederick Alton),   |d 1909-2005. 
245 1 0 |a Εγχειρίδιο ακουστικής /   |c F. Alton Everest ; επιμέλεια μετάφρασης Λεωνίδας Γαβριηλίδης.  
250 |b 3η εκδ. 
260 |a Θεσσαλονίκη :   |b Τζιόλα,   |c c2003.  
300 |a 495 σ. :   |b σχέδια ;   |c 24 εκ.  
504 |a Περιλαμβάνει βιβλιογραφίες και ευρετήριο.  
650 0 |a Sound  |x Handbooks, manuals, etc. 
650 0 |a Acoustical engineering  |x Handbooks, manuals, etc. 
765 0 8 |i Μετάφραση του:   |t The master handbook of acoustics /  
852 |a INST  |b LESVOS  |e 20110822  |h 620.2 EVE  |p 005100049958  |q 005100049958  |t BK  |y 0 
852 |a INST  |b RHODES  |e 20131126  |h 620.2 EVE  |p 005400035816  |q 005400035816  |t BK  |y 0 
852 |a INST  |b SAMOS  |e 20150703  |h 620.2 EVE  |p 005300042344  |q 005300042344  |t BK  |y 0 
852 |a INST  |b SYROS  |e 20131120  |h 620.2 EVE  |p 005500011108  |q 005500011108  |t BK  |y 0 
901 |a BIBL5-2013-1 
901 |a BIBL1-2011-2 
901 |a BIBL4-2013-3 
970 |a Καμάτσου  |b Δέσποινα  |z 22/08/2011